000 01333nam0a22002651 4500
001 rc\3927244
005 20260412042015.0
021 _aRU
_b[54-29222]
035 _a(NLR Aleph) 008029720
090 _a8813361
_c8813361
100 _a20130415d1954 |||y0rusy50 ca
101 0 _arus
102 _aRU
105 _ay z |||||
200 1 _aРасширенное заседание президиума Академии медицинских наук Союза ССР совместно с ученым советом Днепропетровского медицинского института и работниками здравоохранения Днепропетровской области 28 июня - 1 июля 1954 г. Днепропетровск
_eТезисы науч. докладов
210 _aМосква
_cМедгиз
_d1954
215 _a59 с.
_d19
606 _aПрофессиональные болезни
_jТезисы докладов
_2psbo
710 0 2 _aАМН СССР
_bПрезидиум
_9295327
_3RU\NLR\AUTH\8811315
712 0 2 _aДнепропетровский медицинский институт
_bУченый совет
_9351864
_3RU\NLR\AUTH\889928117
801 0 _aRU
_bNLR
_gpsbo
801 1 _aRU
_bELAR
_2rusmarc
852 _aNLR
_jМд10 Г-4/476
942 _cBOOK
980 _aNB